00209nam a2200073Ia 4500008004100000245005500041260003000096260000900126170620s9999 xx 000 0 und d 0aVidhyalaya sangathan evam swasthya shiksha (Hindi) bAgra- Vinod Pustak Mandir c2002